Action research for inclusive education : Changing places, changing practices, changing minds

Uloženo v:
Podrobná bibliografie
Hlavní autor: Armstrong, Felicity
Médium: Kniha
Jazyk:Undetermined
Vydáno: London Routledge Falmer 2004
Témata:
Tagy: Přidat tag
Žádné tagy, Buďte první, kdo otaguje tento záznam!
Thư viện lưu trữ: Trung tâm Học liệu Trường Đại học Cần Thơ
LEADER 00718nam a2200229Ia 4500
001 CTU_94873
008 210402s9999 xx 000 0 und d
020 |c 546000 
082 |a 371.9046072 
082 |b A735 
100 |a Armstrong, Felicity 
245 0 |a Action research for inclusive education : 
245 0 |b Changing places, changing practices, changing minds 
245 0 |c Felicity Armstrong 
260 |a London 
260 |b Routledge Falmer 
260 |c 2004 
650 |a Inclusive education,Action research in education,Educational change 
650 |x Research 
650 |z Great Britain,Great Britain,Great Britain 
904 |i Truc 
980 |a Trung tâm Học liệu Trường Đại học Cần Thơ